ბათუმის შოთა რუსთაველის სახელმწიფო უნივერსიტეტის ბიბლიოთეკა

უთავო მხედარი : (ბიბ.ჩანაწერი № 56005)

000 -ლიდერი
ფიქსირებული სიგრძის საკონტროლო ველი 01271nam a2200253Ia 4500
001 - საკონტროლო ნომერი
საკონტროლო ველი 23105
003 - საკონტროლო ნომრის იდენტიფიკატორი
საკონტროლო ველი GE_BSU
005 - ბოლო ოპერაციის თარიღი და დრო
საკონტროლო ველი 20230712163621.0
008 - ფიქსირებული სიგრძის მონაცემთა ელემენტები - ზოგადი ინფორმაცია
ფიქსირებული სიგრძის საკონტროლო ველი 181216s1995||||ge |||||||||||||| ||geo||
040 ## - კატალოგიზაციის წყარო
Transcribing agency GE_BSU
041 ## - ენის კოდი
Language code of text/sound track or separate title geo
080 ## - უნივერსალური ათობითი კლასიფიკაციის ინდექსი
Universal Decimal Classification number 821.111-311.3 რ-57
100 ## - მთავარი ჩანაწერი - პიროვნების სახელი
Personal name რიდი, თომას მაინ
9 (RLIN) 19279
245 ## - ცნობა სათაურის შესახებ
Title უთავო მხედარი :
Remainder of title რომანი /
Statement of responsibility, etc თომას მაინ რიდი ; სარედ. კოლ. : მინდია არაბული და სხვ. ; ინგლ. თარგმნა ელგუჯა მაღრაძემ ; მხატვ. ჯიბო ყავლაშვილი.
264 ## - წარმოების, გამოცემის, დისტრიბუციის და სხვა ცნობები
გამოცემის, წარმოების, დისტრიბუციის... ადგილი თბილისი :
გამოცემის, წარმოების, დისტრიბუციის... სახელწოდება ნაკადული,
გამოცემის, წარმოების, დისტრიბუციის... თარიღი 1995.
300 ## - ფიზიკური აღწერა
Extent 656 გვ. ;
Dimensions 21 სმ.
490 ## - სერიის ცნობა
Series statement მსოფლიო ლიტერატურის ბიბლიოთეკა ბავშვებისათვის
653 ## - INDEX TERM--UNCONTROLLED
Uncontrolled term უთავო მხედარი
653 ## - INDEX TERM--UNCONTROLLED
Uncontrolled term რომანი
700 ## - ADDED ENTRY--PERSONAL NAME
Personal name მაღრაძე, ელგუჯა
Relator term მთარგმნელი
9 (RLIN) 19280
700 ## - ADDED ENTRY--PERSONAL NAME
Personal name ყავლაშვილი, ჯიბო
Relator term მხატვარი
9 (RLIN) 17489
942 ## - ADDED ENTRY ELEMENTS (KOHA)
Koha item type წიგნი
Source of classification or shelving scheme
ეგზემპლარები
ჩამოწერის სტატუსი დაკარგული ეგზემპლარის სტატუსი კლასიფიკაციის წყარო ან თაროზე გაწყობის სქემა დაზიანების სტატუსი არ გაიცემა მუდმივი მდებარეობა (დაცვის ადგილი) ამჟამინდელი ადგილსამყოფელი თაროზე განთავსების ადგილი შეძენის თარიღი ღირებულება, შესყიდვის ნორმალური ფასი სრული შენახვის შიფრი შტრიხკოდი ბოლო ოპერაციის თარიღი ეგზემპლარის მიმდევრობითი ნომერი (კეტერი?) ფასის ძალაში შესვლის თარიღი ეგზემპლარის სახეობა საჯარო შენიშვნა
          ბათუმის შოთა რუსთაველის სახელმწიფო უნივერსიტეტის მთავარი ბიბლიოთეკა ბათუმის შოთა რუსთაველის სახელმწიფო უნივერსიტეტის მთავარი ბიბლიოთეკა წიგნსაცავი 2018-12-17 9.00 821.111-311.3 რ-57 58549 2018-12-17 58549 2018-12-17 წიგნი 9.00 ₾.